00328cam a22000977a 4500008004000000100003500040245008400075260004100159650001200200700001800212180718b1995 xxu||||| |||| 00| 0 eng d aVagmai, Sriram Sharma Aacharya aUpasana- samarpan yogcby Sriram Sharma Aacharya Vagmai;edited by Brahmverchsva aMathurabAkhand Jyoti Sansthanc1995 aUpasana aBrahmverchsva